000 00641nam a2200301Ia 4500
005 20260401122448.0
008 008 250103s9999 xx 000 0 eng d
020 _a9788125039211
037 _aTB
040 _aEDL
040 _beng
040 _cEDL
041 _2eng
041 _aeng
084 _a305.8SCO
084 _qEDL
100 _aScott, James C.
245 4 _aThe Art of being governed
245 0 _cScott, James C.
260 _aDelhi
260 _bOrient Blackswan
260 _c2010
300 _a442p
942 _cTB
942 _h305.8SCO
999 _c1847432
_d1847432